Statistics for Armagh Quiz

Click here to take the quiz!

General Stats

  • This quiz has been taken 34 times
  • The average score is 9 of 15

Answer Stats

HintAnswer% Correct
County Town Of ArmaghArmagh
100%
Counties That Border ArmaghDown
100%
Tyrone
100%
Closest Major CityBelfast
89%
Monaghan
89%
Louth
86%
Armagh Is Known As TheOrchard County
75%
Largest TownCraigavon
64%
River That Flows Through ArmaghCallan
39%
Lake That Armagh BordersLoch Neagh
32%
Southern Most Point Of County ArmaghCullaville
25%
Armagh(City)s Population In 201114,000
21%
Unionist Party Politician From RessbrookDanny Kennedy
21%
Archbishop Of Armagh CityJohn McDowell
14%
In Area Armagh Is The27th Largest County
7%

Score Distribution

Percentile by Number Answered

Percent of People with Each Score

Your Score History

You have not taken this quiz